|
|
|
|
| LEADER |
00000nkm a2200000 a 4500 |
| 001 |
vtls010967260 |
| 003 |
SK-MaSNL |
| 005 |
20260512123419.0 |
| 007 |
kp bo |
| 008 |
231206s1947 xo g 00 kuslo |
| 015 |
|
|
|a SNBG
|
| 040 |
|
|
|a SNK
|b slo
|c SNK
|e AACR2
|
| 041 |
0 |
|
|a slo
|
| 043 |
|
|
|a e-xo---
|
| 044 |
|
|
|a xo
|c SK
|
| 080 |
|
|
|a 728.81
|2 2001
|
| 080 |
|
|
|a 913(437.6)
|2 2001
|
| 080 |
|
|
|a (084.121)
|2 2001
|
| 245 |
0 |
0 |
|a Devín
|h grafika
|
| 260 |
|
|
|a [Bratislava]
|b Slovakotour
|c 1947
|
| 300 |
|
|
|a 1 pohľadnica
|b čiernobiela
|c 9 x 14 cm
|
| 520 |
8 |
|
|a Zobrazenie: pohľad na rieku na ktorej sa plaví loď Orel a nad ňou sa týči hrad Devín
|
| 610 |
1 |
7 |
|a Devín (Bratislava, Slovensko : hrad)
|2 SNKKA
|9 32085
|
| 650 |
0 |
7 |
|a hrady
|2 SNKPH
|9 3039
|
| 651 |
|
7 |
|a Bratislava (Slovensko)
|2 SNKPH
|9 14568
|
| 655 |
|
7 |
|a miestne pohľadnice
|2 SNKPH
|9 70510
|
| 958 |
|
|
|a GC
|
| 958 |
|
|
|a GBN
|
| 999 |
|
|
|c 759752
|d 761682
|
| 952 |
|
|
|a SNK
|b SNK
|y PREZ
|7 0
|p 17A1165083
|o snkSP 6202
|0 0
|1 0
|4 0
|d 2015-10-19
|l 0
|r 2026-02-24 00:01:02
|w 2026-02-24
|